00370pam a2200145 a 4500020000500000041000500005100002000010245004200030260000900072300000700081653000800088930000800096999001900104952010100123 c h aKishore Vanguri aEnvironmental Laws of India - a guide c1994 a32 aLaw a927 c246780d246780 001040708generalaEVPbEVPd2011-09-19l0o pEVP-728r2023-04-03 00:00:00t1w2023-04-03yBK